Máquinas hydarulicas de molinos y herrerías, y govierno de los árboles y montes de Vizcaya / (Record no. 142293)
[ view plain ]
| 000 -LEADER | |
|---|---|
| campo de control de longitud fija | 01182nam a2200265 i 4500 |
| 001 - NÚMERO DE CONTROL | |
| campo de control | 142293 |
| 003 - IDENTIFICADOR DE NÚMERO DE CONTROL | |
| campo de control | ES-MaACL |
| 005 - FECHA Y HORA DE LA ÚLTIMA TRANSACCIÓN | |
| campo de control | 20250902085401.0 |
| 007 - CAMPO FIJO DE DESCRIPCIÓN FÍSICA--INFORMACIÓN GENERAL | |
| campo de control de longitud fija | t| |
| 008 - DATOS DE LONGITUD FIJA--INFORMACIÓN GENERAL | |
| campo de control de longitud fija | 071004s1973 sp ||||1| spa d |
| 100 1# - ENTRADA PRINCIPAL--NOMBRE DE PERSONA | |
| Nombre de persona | Villarreal de Berriz, Pedro Bernardo, |
| Fechas asociadas al nombre | 1670-1740 |
| 9 (RLIN) | 115137 |
| 245 10 - MENCIÓN DEL TÍTULO | |
| Título | Máquinas hydarulicas de molinos y herrerías, y govierno de los árboles y montes de Vizcaya / |
| Mención de responsabilidad, etc. | por Pedro Bernardo Villa-Real de Berriz ; [prólogo de José A. García Diego]. |
| 250 ## - MENCION DE EDICION | |
| Mención de edición | Ed. facs. |
| 260 ## - PUBLICACIÓN, DISTRIBUCIÓN, ETC. | |
| Lugar de publicación, distribución, etc. | San Sebastián : |
| Nombre del editor, distribuidor, etc. | Sociedad Gupuzcoana de Ediciones y Publicaciones [Real Sociedad Vascongada de los Amigos del País], |
| Fecha de publicación, distribución, etc. | 1973. |
| 300 ## - DESCRIPCIÓN FÍSICA | |
| Extensión | XXIV p., 16 h., 168 p. : |
| Otras características físicas | il. pleg. ; |
| Dimensiones | 16 cm. |
| 534 ## - NOTA SOBRE LA VERSIÓN ORIGINAL | |
| Frase introductoria | Reproducción facsimil de la edición de: |
| Publicación, distribución, etc. del original | -- Madrid : Antonio Marín, 1736. |
| 650 14 - PUNTO DE ACCESO ADICIONAL DE MATERIA--TÉRMINO DE MATERIA | |
| Término de materia o nombre geográfico como elemento de entrada | Industria forestal- |
| Subdivisión geográfica | Vizcaya- |
| Subdivisión de forma | Historia. |
| 9 (RLIN) | 13728 |
| 650 ## - PUNTO DE ACCESO ADICIONAL DE MATERIA--TÉRMINO DE MATERIA | |
| Término de materia o nombre geográfico como elemento de entrada | Máquinas hidráulicas- |
| Subdivisión de forma | Obras anteriores a 1800. |
| 9 (RLIN) | 14770 |
| 655 #7 - TERMINO DE INDIZACIÓN--GENERO/FORMA | |
| Fuente del término | tgfbne |
| 9 (RLIN) | 226495 |
| Datos o término principal de género/forma | Facsímiles |
| 700 1# - ENTRADA AGREGADA--NOMBRE PERSONAL | |
| Nombre de persona | García-Diego, José A. |
| 9 (RLIN) | 54541 |
| 710 2# - ENTRADA AGREGADA--NOMBRE DE ENTIDAD CORPORATIVA | |
| Nombre de entidad corporativa o nombre de jurisdicción como elemento de entrada | Real Sociedad Bascongada de los Amigos del País |
| 9 (RLIN) | 6366 |
| 852 ## - LOCALIZACIÓN | |
| Ubicación | ES-MaACL |
| Número de control de estantería | L-12644 |
| 942 ## - ELEMENTOS DE ENTRADA SECUNDARIOS (KOHA) | |
| Fuente del sistema de clasificación o colocación | Clasificación decimal universal |
| Estatus retirado | Estado de pérdida | Estado de daño | No para préstamo | Biblioteca de origen | Biblioteca actual | Ubicación en estantería | Fecha de adquisición | Fuente de adquisición | Total de préstamos | Signatura topográfica completa | Código de barras | Visto por última vez | Precio de reemplazo | Tipo de ítem Koha |
|---|---|---|---|---|---|---|---|---|---|---|---|---|---|---|
| Biblioteca del Ateneo de Madrid | Biblioteca del Ateneo de Madrid | Depósito 2 | 17/01/2008 | L-12644 | 1148056 | 23/02/2023 | 23/02/2023 | Libro impreso |
